| 000 | 01128nam a2200289 a 4500 | ||
|---|---|---|---|
| 008 | 060424s1996 ||||||||||||||||| || u | ||
| 020 | _a1858981085 | ||
| 050 | _aHC 79.D5 Loc | ||
| 100 | _aButton, Kenneth John | ||
| 245 | 1 | 0 |
_aLocation theory : vol.1 & 2 _cedited by J. Thisse |
| 260 |
_aCheltenham : _bEdward Elgar Pub. Ltd _c1996 |
||
| 300 | _a2 v. : ill. | ||
| 350 | _a0.00 | ||
| 490 | _aModern classics in regional science | ||
| 490 | _v An Elgar reference collection | ||
| 500 | _aIncludes bibliographical references | ||
| 650 | 0 | _aSPACE IN ECONOMICS | |
| 650 | _aLAND USE, URBAN | ||
| 650 | _aINDUSTRY | ||
| 650 | _aINDUSTRIES, LOCATION OF | ||
| 650 | _aINDUSTRIAL LOCATION | ||
| 650 | _aINDUSTRIALIZATION | ||
| 700 | _aThisse, Jacques Franðcois | ||
| 700 | _aNijkamp, Peter | ||
| 995 |
_aMAIN LIBRARY OPEN ACCESS _D0.00 _e733893 _FCBU-MAIN LIBRARY (Kitwe) _H1 _I38.00 _jHC 79.D5 Loc _M1 _UAVAILABLE _y046033 _ZMain Library Open Access Collection |
||
| 995 |
_aMAIN LIBRARY OPEN ACCESS _D0.00 _e733892 _FCBU-MAIN LIBRARY (Kitwe) _H2 _I38.00 _jHC 79.D5 Loc _M2 _UAVAILABLE _y046034 _ZMain Library Open Access Collection |
||
| 999 |
_c82248 _d82248 |
||